000 00684cam a2200205 4500
001 WB3540-19
008 000000n1999 000 0 eng u
035 _a(Sirsi) u100394
245 _aLending to property
260 _c1999
490 _aEstates Gazette
_v(9940) 9 October 1999, 57(1)
520 _aNelson Bakewell's latest annual Property Lending Survey indicates that banks are expecting to lend more to the property sector over the next year. Table.
590 _aWB
650 _aBANK LENDING
650 _aSPECULATIVE DEVELOPMENT
650 _aPROPERTY LENDING
650 _aLOAN TO VALUE RATIOS
690 _aPROPERTY-PROPERTY FINANCE AND INVESTMENT
942 _n0
999 _c60078
_d60078